[Event "86th UKR-ch"]
[Site "Zhytomyr UKR"]
[Date "2017.12.15"]
[Round "7"]
[White "Oleksienko, Mykhailo"]
[Black "Vypkhaniuk, Ihor"]
[WhiteElo "2615"]
[BlackElo "2336"]
[Result "1-0"]
[EventDate "2017.12.05"]
[PlyCount "101"]

1. e4 c5 2. Nf3 Nc6 3. d4 cxd4 4. Nxd4 e5 5. Nb5 a6 6. Nd6+ Bxd6 7. Qxd6 Qe7 8. Qxe7+ Ngxe7 9. c4 Nd4 10. Bd3 d6 11. Nc3 Be6 12. b3 Nec6 13. Be3 f5 14. exf5 Bxf5 15. Bxf5 Nxf5 16. Bb6 Nfd4 17. O-O-O Rf8 18. f4 Kd7 19. fxe5 dxe5 20. Ne4 Rae8 21. Rhe1 h6 22. Kb2 Rf4 23. Kc3 Ref8 24. Nc5+ Kc8 25. Nd3 R4f5 26. Nxe5 Nxe5 27. Bxd4 Nc6 28. Bxg7 Rg8 29. Bxh6 Rxg2 30. Rd2 Rg4 31. Re8+ Kc7 32. Rf8 Rxf8 33. Bxf8 b5 34. Bd6+ Kb6 35. c5+ Kb7 36. Kd3 Nb4+ 37. Ke3 Kc6 38. Kf3 Rg1 39. h4 Nd5 40. h5 Nf6 41. h6 Rf1+ 42. Kg2 Rf5 43. Be7 Rg5+ 44. Kf1 Rf5+ 45. Kg1 Ng4 46. Rd6+ Kb7 47. Rb6+ Ka7 48. Rg6 Nf2 49. Rf6 Nh3+ 50. Kg2 Nf4+ 51. Kf3 1-0

[Event "86th UKR-ch"]
[Site "Zhytomyr UKR"]
[Date "2017.12.15"]
[Round "7"]
[White "Shevchenko, Kirill"]
[Black "Vovk, Andryi"]
[WhiteElo "2547"]
[BlackElo "2634"]
[Result "1/2-1/2"]
[EventDate "2017.12.05"]
[PlyCount "54"]

1. d4 Nf6 2. c4 g6 3. Nc3 Bg7 4. e4 d6 5. Nf3 O-O 6. h3 Na6 7. Be3 c5 8. Bd3 cxd4 9. Nxd4 Nc5 10. Bc2 b6 11. b4 Ne6 12. Nd5 Nxd4 13. Bxd4 Nxd5 14. cxd5 Bxd4 15. Qxd4 Bd7 16. O-O a5 17. Bd3 axb4 18. Rfb1 Ra4 19. Rxb4 Rxb4 20. Qxb4 Qc7 21. Rb1 Rb8 22. h4 f6 23. Qb2 Qa7 24. Rc1 Kf8 25. Qd2 Kg7 26. Bb1 b5 27. Rc3 Rc8 1/2-1/2

[Event "86th UKR-ch"]
[Site "Zhytomyr UKR"]
[Date "2017.12.13"]
[Round "8"]
[White "Bernadskyi, Vitalii"]
[Black "Neverov, Valeriy"]
[WhiteElo "2583"]
[BlackElo "2496"]
[Result "1-0"]
[EventDate "2017.12.05"]
[PlyCount "94"]

1. d4 Nf6 2. c4 e6 3. Nc3 Bb4 4. e3 O-O 5. Bd3 d5 6. a3 Bxc3+ 7. bxc3 dxc4 8. Bxc4 c5 9. Ne2 Qc7 10. Bd3 Nc6 11. f4 b6 12. O-O Bb7 13. Ng3 Na5 14. Bb2 Qc6 15. Qe2 Rac8 16. e4 cxd4 17. cxd4 Nc4 18. Rac1 b5 19. f5 Qb6 20. fxe6 fxe6 21. Ba1 Nd7 22. a4 a6 23. h3 Nde5 24. Kh2 Nxd3 25. Qxd3 Qd6 26. axb5 axb5 27. d5 g6 28. Rb1 Ba6 29. Bc3 Rxf1 30. Qxf1 exd5 31. Bb4 Qe5 32. exd5 Qxd5 33. Rd1 Qc6 34. Rd4 Ne3 35. Qf2 Bb7 36. Re4 Nd5 37. Ba3 Qf6 38. Qd2 Qc3 39. Qxc3 Rxc3 40. Re8+ Kf7 41. Rh8 Bc6 42. Rxh7+ Kg8 43. Ra7 b4 44. Bb2 Rc2 45. Rg7+ Kf8 46. Rxg6 Ne7 47. Rf6+ Ke8 1-0

[Event "86th UKR-ch"]
[Site "Zhytomyr UKR"]
[Date "2017.12.13"]
[Round "8"]
[White "Kovchan, Alexander"]
[Black "Shevchenko, Kirill"]
[WhiteElo "2592"]
[BlackElo "2547"]
[Result "0-1"]
[EventDate "2017.12.05"]
[PlyCount "79"]

1. d4 Nf6 2. c4 g6 3. Nc3 d5 4. cxd5 Nxd5 5. e4 Nxc3 6. bxc3 Bg7 7. Be3 c5 8. Nf3 Qa5 9. Nd2 O-O 10. Be2 Qd8 11. d5 Bxc3 12. Rc1 Bd4 13. Bxd4 cxd4 14. Nc4 e5 15. Nxe5 Re8 16. Qxd4 Nc6 17. Nxc6 bxc6 18. Rxc6 Qa5+ 19. Qd2 Qxd2+ 20. Kxd2 Rxe4 21. Rc4 Rxe2+ 22. Kxe2 Ba6 23. Kd3 Rb8 24. Kd4 Bxc4 25. Kxc4 Kf8 26. Re1 Rb2 27. d6 Rd2 28. Kc5 f5 29. Kc6 Rc2+ 30. Kb7 Rb2+ 31. Kc7 Rc2+ 32. Kd8 Rxf2 33. d7 Rc2 34. Rb1 Rxg2 35. Kc7 Rc2+ 36. Kd6 Rd2+ 37. Ke6 Kg7 38. Rb5 f4 39. Rd5 Re2+ 40. Kd6 0-1

[Event "86th UKR-ch"]
[Site "Zhytomyr UKR"]
[Date "2017.12.13"]
[Round "8"]
[White "Onyshchuk, Volodymyr"]
[Black "Gasanov, Eldar"]
[WhiteElo "2637"]
[BlackElo "2488"]
[Result "1/2-1/2"]
[EventDate "2017.12.05"]
[PlyCount "118"]

1. d4 d6 2. c4 e5 3. d5 Nf6 4. Nc3 Na6 5. e4 c6 6. Bd3 Bd7 7. Nge2 Be7 8. O-O O-O 9. a3 cxd5 10. cxd5 Nc5 11. Bc2 a5 12. Be3 Na6 13. f3 b5 14. Bd3 Qb8 15. Ng3 Nc5 16. Be2 b4 17. axb4 Qxb4 18. Ra2 Rfc8 19. Nf5 Bf8 20. g4 Nb3 21. Qe1 Nd4 22. Bd1 a4 23. Bd2 Nb3 24. Bg5 Ne8 25. Ne3 Nd4 26. Nb1 Qb6 27. Nc3 Nb3 28. Ra3 h6 29. Bh4 Nc5 30. Qd2 Qb4 31. Be1 Rcb8 32. Rf2 Be7 33. Na2 Qb5 34. Nc3 Qb4 35. Na2 Qb7 36. Rg2 Nc7 37. Nc3 Bg5 38. h4 Bf4 39. Qe2 Nb5 40. Nxb5 Bxb5 41. Qd2 Nb3 42. Qf2 Nc1 43. Qd2 Rc8 44. Bg3 Qb6 45. Kh2 Nb3 46. Rxb3 Bxg3+ 47. Rxg3 axb3 48. Nf5 Kf8 49. g5 h5 50. g6 f6 51. f4 Ba4 52. Qe2 Bd7 53. Rxb3 Qa7 54. Ra3 Qb6 55. Rb3 Qa7 56. Ra3 Qb6 57. Rb3 Qa7 58. Ra3 Qb6 59. Rb3 Qa7 1/2-1/2

[Event "86th UKR-ch"]
[Site "Zhytomyr UKR"]
[Date "2017.12.13"]
[Round "8"]
[White "Vypkhaniuk, Ihor"]
[Black "Frolov, Artur"]
[WhiteElo "2336"]
[BlackElo "2416"]
[Result "1-0"]
[EventDate "2017.12.05"]
[PlyCount "116"]

1. e4 d6 2. f4 d5 3. d3 dxe4 4. dxe4 Qxd1+ 5. Kxd1 e5 6. Nf3 Nf6 7. Bc4 Nxe4 8. Re1 Nd6 9. Rxe5+ Be7 10. Bb3 Nc6 11. Re2 Bg4 12. Nbd2 h5 13. h3 Bf5 14. Nf1 O-O-O 15. Bd2 Bf6 16. Ne3 Be4 17. c3 Rhe8 18. Nd5 Na5 19. Nxf6 gxf6 20. Ke1 Nac4 21. Bc1 Bd3 22. Rxe8 Rxe8+ 23. Kf2 Nxb2 24. Be3 Ne4+ 25. Kg1 Nxc3 26. Bd2 Ne2+ 27. Kf2 Ba6 28. Bxf7 Re7 29. Bg6 Nd3+ 30. Bxd3 Bxd3 31. Re1 Rg7 32. g4 hxg4 33. hxg4 Rxg4 34. Rxe2 Bxe2 35. Kxe2 Kd7 36. Kd3 c5 37. a4 b6 38. Be3 Ke6 39. a5 Kd5 40. axb6 axb6 41. Bc1 b5 42. Ke3 Rg2 43. Nd2 b4 44. Bb2 f5 45. Be5 Rh2 46. Nf1 Ra2 47. Kf3 Kc4 48. Ke3 Kb3 49. Bd6 Kc4 50. Be5 b3 51. Nd2+ Kb4 52. Kd3 Rc2 53. Nb1 c4+ 54. Kd4 b2 55. Bd6+ Kb3 56. Ke5 c3 57. Kxf5 Rc1 58. Nxc3 Rxc3 1-0

[Event "86th UKR-ch"]
[Site "Zhytomyr UKR"]
[Date "2017.12.10"]
[Round "9"]
[White "Gasanov, Eldar"]
[Black "Oleksienko, Mykhailo"]
[WhiteElo "2488"]
[BlackElo "2615"]
[Result "1/2-1/2"]
[EventDate "2017.12.05"]
[PlyCount "83"]

1. c4 b6 2. d4 e6 3. a3 Bb7 4. Nc3 f5 5. d5 Nf6 6. g3 Bd6 7. Bg2 Be5 8. Bd2 O-O 9. Nh3 Na6 10. O-O Nc5 11. Nf4 Qe7 12. Qc2 Nce4 13. Nxe4 fxe4 14. Bb4 Bd6 15. Bxd6 Qxd6 16. Bxe4 g5 17. Nh3 Nxe4 18. Qxe4 exd5 19. cxd5 Rae8 20. Qd3 Qxd5 21. Qxd5+ Bxd5 22. Rfd1 Bc4 23. e3 h6 24. Rd2 c5 25. Re1 d5 26. Kg2 d4 27. b4 d3 28. e4 Ba6 29. bxc5 bxc5 30. f3 c4 31. Rc1 Re7 32. Nf2 Ref7 33. Ng4 Rxf3 34. Nxh6+ Kh7 35. Nf5 g4 36. h3 Bb7 37. hxg4 Bxe4 38. Rxc4 Re3+ 39. Kf2 Rf3+ 40. Kg2 Re3+ 41. Kf2 Rf3+ 42. Kg2 1/2-1/2

[Event "86th UKR-ch"]
[Site "Zhytomyr UKR"]
[Date "2017.12.10"]
[Round "9"]
[White "Neverov, Valeriy"]
[Black "Onyshchuk, Volodymyr"]
[WhiteElo "2496"]
[BlackElo "2637"]
[Result "0-1"]
[EventDate "2017.12.05"]
[PlyCount "140"]

1. d4 d6 2. e4 Nf6 3. f3 e5 4. dxe5 dxe5 5. Qxd8+ Kxd8 6. Bc4 Ke8 7. Be3 Nbd7 8. Nc3 c6 9. a4 a5 10. Nge2 Bc5 11. Nd1 Bxe3 12. Nxe3 Nc5 13. Kf2 Nfd7 14. Rhd1 Nb6 15. b3 Ke7 16. Nc1 f6 17. Nd3 Nxd3+ 18. Rxd3 Nxc4 19. bxc4 Rd8 20. c5 Be6 21. Rb1 Rab8 22. Nf5+ Bxf5 23. exf5 Rxd3 24. cxd3 Kd7 25. Rc1 b5 26. cxb6 Rxb6 27. Rc5 Rb2+ 28. Kg3 Kc7 29. Rxa5 Kb7 30. Rc5 Rb3 31. Rc4 Rxd3 32. Rg4 Rd7 33. Kf2 c5 34. Ke3 Kc6 35. g3 h6 36. Ke2 Rb7 37. Kd3 h5 38. Rh4 Rb3+ 39. Ke2 Ra3 40. Rxh5 Rxa4 41. Rh8 Ra7 42. Kd3 Rd7+ 43. Kc3 Kd5 44. Re8 Ra7 45. Rd8+ Kc6 46. Rc8+ Kd7 47. Rg8 Ra3+ 48. Kc4 Kd6 49. Rd8+ Kc6 50. Rc8+ Kd7 51. Rg8 Rxf3 52. Kd5 Rxf5 53. Rxg7+ Ke8 54. Ke6 Kf8 55. Rc7 Rf2 56. Rxc5 Kg7 57. Rc7+ Kg6 58. Rc8 Rxh2 59. Rg8+ Kh7 60. Rg4 Rf2 61. Kd5 Rf1 62. Ke6 Kh6 63. Kd5 Kh7 64. Ke6 Rf2 65. Kd5 Rd2+ 66. Kc4 Rd8 67. Kc3 Kh6 68. Kc2 f5 69. Ra4 Kg5 70. Ra7 Kg4 0-1

[Event "86th UKR-ch"]
[Site "Zhytomyr UKR"]
[Date "2017.12.10"]
[Round "9"]
[White "Shevchenko, Kirill"]
[Black "Vypkhaniuk, Ihor"]
[WhiteElo "2547"]
[BlackElo "2336"]
[Result "1/2-1/2"]
[EventDate "2017.12.05"]
[PlyCount "158"]

1. e4 c5 2. Nf3 Nc6 3. Bb5 Nf6 4. e5 Nd5 5. O-O a6 6. Bxc6 dxc6 7. d3 Bf5 8. Nbd2 e6 9. Ne4 Be7 10. Qe2 h6 11. c4 Nb6 12. Bd2 a5 13. h3 Qc7 14. Rad1 Nd7 15. Bc3 b5 16. b3 a4 17. Kh1 O-O 18. Ng3 Bg6 19. Ra1 Rfd8 20. Rfd1 Ra6 21. Rac1 axb3 22. axb3 Ra3 23. cxb5 cxb5 24. b4 c4 25. Bb2 Rxd3 26. Rxd3 cxd3 27. Rxc7 dxe2 28. Nxe2 Bxb4 29. Ned4 Be4 30. Nxb5 Ba5 31. Ra7 Bb6 32. Ra3 Bc5 33. Ra5 Bxf2 34. Nd6 Bd5 35. Kh2 Rb8 36. Rb5 Rxb5 37. Nxb5 Bxf3 38. gxf3 g5 39. Nd6 Kg7 40. Kg2 Be3 41. Nc4 Bf4 42. Bd4 Kg6 43. Kf2 h5 44. Ke2 Kf5 45. Nd6+ Kg6 46. Nc4 Kh6 47. Kd3 Nf8 48. Ke4 Ng6 49. Nb2 Nh4 50. Nd3 Nf5 51. Bf2 Bd2 52. Nb2 Kg6 53. Nc4 Bf4 54. Nb2 Ne7 55. Nd3 Bd2 56. Bg1 Nd5 57. Bd4 Bc3 58. Bf2 Bd2 59. Bd4 Ba5 60. f4 g4 61. hxg4 hxg4 62. f5+ Kg5 63. fxe6 fxe6 64. Nc5 Nc7 65. Nb7 Bb4 66. Bb6 Nd5 67. Bf2 Be7 68. Na5 Kg6 69. Nc6 Bg5 70. Bg3 Kf7 71. Nd4 Ne7 72. Bh2 Ng6 73. Bg3 Ke7 74. Nc6+ Kd7 75. Nd4 Bh4 76. Bxh4 Nxh4 77. Kf4 Nf5 78. Nxe6 Kxe6 79. Kxg4 Kxe5 1/2-1/2

[Event "86th UKR-ch"]
[Site "Zhytomyr UKR"]
[Date "2017.12.10"]
[Round "9"]
[White "Vovk, Andryi"]
[Black "Kovchan, Alexander"]
[WhiteElo "2634"]
[BlackElo "2592"]
[Result "1/2-1/2"]
[EventDate "2017.12.05"]
[PlyCount "124"]

1. e4 c5 2. Nf3 d6 3. d4 cxd4 4. Nxd4 Nf6 5. Nc3 a6 6. Be3 Ng4 7. Bc1 Nf6 8. Be3 Ng4 9. Bg5 h6 10. Bh4 g5 11. Bg3 Bg7 12. h3 Ne5 13. Qd2 Nbc6 14. O-O-O Nxd4 15. Qxd4 Be6 16. Nd5 Qa5 17. a3 Rc8 18. f4 gxf4 19. Bxf4 Bxd5 20. exd5 Bf6 21. Qf2 Rc5 22. Bd2 Qb6 23. Bc3 Nd7 24. Bxf6 exf6 25. Qf3 Kd8 26. Bd3 Re8 27. Qh5 Qb3 28. Kb1 Qxd5 29. Qxh6 Qxg2 30. h4 Qg4 31. Qh7 Qh5 32. Qg7 Re3 33. Qg2 Kc8 34. Qd2 Re6 35. Rdf1 Nb6 36. Qb4 Kc7 37. Qd4 Rd5 38. Qf4 Rc5 39. Rf2 Rce5 40. Ka2 Nd5 41. Qd4 Nb6 42. Rh3 Rd5 43. Qf4 Rc5 44. Rf1 a5 45. Kb1 Rce5 46. Qf2 Rc5 47. Rf3 Nc4 48. Bxc4 Rxc4 49. Rxf6 Rxf6 50. Qxf6 Kc6 51. Qd8 Qxh4 52. Qxa5 Rc5 53. Qd2 f5 54. Rd1 Qf6 55. Qf4 Qe5 56. Qa4+ Kc7 57. Rh1 Qe4 58. Rh7+ Kb6 59. Qb3+ Rb5 60. Qc3 Rc5 61. Qb3+ Rb5 62. Qc3 Rc5 1/2-1/2

[Event "86th UKR-ch"]
[Site "Zhytomyr UKR"]
[Date "2017.12.08"]
[Round "10"]
[White "Frolov, Artur"]
[Black "Gasanov, Eldar"]
[WhiteElo "2416"]
[BlackElo "2488"]
[Result "0-1"]
[EventDate "2017.12.05"]
[PlyCount "59"]

1. d4 Nf6 2. Nf3 g6 3. g3 Bg7 4. Bg2 d5 5. O-O c6 6. Nbd2 O-O 7. b3 Ne4 8. Bb2 f5 9. c4 e6 10. Ne5 Nxd2 11. Qxd2 Nd7 12. Nd3 Nb6 13. c5 Nd7 14. f3 b6 15. Rac1 Ba6 16. cxb6 Qxb6 17. Nc5 Nxc5 18. Rxc5 Rfc8 19. Rfc1 Bf8 20. e4 Rc7 21. exd5 exd5 22. f4 Bxc5 23. dxc5 Qb7 24. Qd4 Rg7 25. Re1 Rf8 26. Re6 Rff7 27. Rxc6 Qb5 28. Rxa6 Qxa6 29. Bxd5 Kf8 30. Bxf7 0-1

[Event "86th UKR-ch"]
[Site "Zhytomyr UKR"]
[Date "2017.12.08"]
[Round "10"]
[White "Oleksienko, Mykhailo"]
[Black "Neverov, Valeriy"]
[WhiteElo "2615"]
[BlackElo "2496"]
[Result "1/2-1/2"]
[EventDate "2017.12.05"]
[PlyCount "103"]

1. Nf3 Nf6 2. c4 e6 3. g3 d5 4. Bg2 d4 5. b4 c5 6. bxc5 Bxc5 7. Ba3 Bxa3 8. Qa4+ Nc6 9. Qxa3 e5 10. O-O Qe7 11. d3 Bf5 12. Nfd2 Rc8 13. Qxe7+ Kxe7 14. Na3 Bg4 15. Rae1 Nd7 16. f4 f6 17. Nc2 Rhd8 18. fxe5 Ndxe5 19. Nb3 Be6 20. Nc5 Rc7 21. Nxe6 Kxe6 22. Bd5+ Ke7 23. Rf4 g5 24. Re4 f5 25. Rxe5+ Nxe5 26. Nxd4 Re8 27. Rf1 f4 28. gxf4 gxf4 29. Rxf4 a6 30. Rh4 Kf6 31. Rh6+ Ng6 32. Kf2 b5 33. Rh3 Ne5 34. cxb5 axb5 35. Bb3 b4 36. Rh6+ Kg5 37. Re6 Rf7+ 38. Nf3+ Rxf3+ 39. exf3 Rxe6 40. Bxe6 Kf4 41. d4 Nxf3 42. d5 Nd4 43. Bg8 Ke5 44. Bxh7 Kxd5 45. Bd3 Ke5 46. Ke3 Ne6 47. h4 Nc5 48. Bc2 Ne6 49. h5 Nf4 50. h6 Nd5+ 51. Kf3 Kf6 52. h7 1/2-1/2

[Event "86th UKR-ch"]
[Site "Zhytomyr UKR"]
[Date "2017.12.08"]
[Round "10"]
[White "Onyshchuk, Volodymyr"]
[Black "Bernadskyi, Vitalii"]
[WhiteElo "2637"]
[BlackElo "2583"]
[Result "1/2-1/2"]
[EventDate "2017.12.05"]
[PlyCount "66"]

1. e4 d6 2. d4 Nf6 3. Nc3 g6 4. Nf3 Bg7 5. Be2 O-O 6. O-O c6 7. a4 Nbd7 8. a5 Qc7 9. Be3 e5 10. h3 exd4 11. Bxd4 Re8 12. Bc4 Ne5 13. Bb3 Be6 14. Bxe6 Nxf3+ 15. Qxf3 Rxe6 16. Qd3 Rae8 17. Bxa7 Nxe4 18. Bd4 Bxd4 19. Qxd4 d5 20. a6 bxa6 21. Rxa6 Qb7 22. Ra2 Nd6 23. b3 Nf5 24. Qd3 d4 25. Nb1 c5 26. Nd2 Nh4 27. Qg3 g5 28. Ra5 h6 29. Nf3 Nxf3+ 30. Qxf3 Qxf3 31. gxf3 Rc8 32. Ra4 Rd8 33. Rd1 Rd5 1/2-1/2

[Event "86th UKR-ch"]
[Site "Zhytomyr UKR"]
[Date "2017.12.08"]
[Round "10"]
[White "Vypkhaniuk, Ihor"]
[Black "Vovk, Andryi"]
[WhiteElo "2336"]
[BlackElo "2634"]
[Result "0-1"]
[EventDate "2017.12.05"]
[PlyCount "121"]

1. e4 c5 2. Nf3 Nc6 3. d4 cxd4 4. Nxd4 e5 5. Nb5 a6 6. Nd6+ Bxd6 7. Qxd6 Qe7 8. Qxe7+ Ngxe7 9. c4 Nd4 10. Bd3 d6 11. Be3 Nec6 12. Nc3 f5 13. Nd5 O-O 14. Rc1 fxe4 15. Bxe4 Bf5 16. Bxf5 Nxf5 17. Kd2 Nce7 18. Nb6 Rae8 19. f3 Nxe3 20. Kxe3 Nf5+ 21. Kd3 Nh4 22. Rc2 Rf4 23. Re1 Rd4+ 24. Kc3 Kf7 25. Re4 Nf5 26. Rce2 h5 27. a4 Rd1 28. Re1 Rxe1 29. Rxe1 Ke6 30. b4 g5 31. b5 axb5 32. cxb5 d5 33. a5 Nd4 34. Rb1 Kd6 35. a6 bxa6 36. bxa6 Nc6 37. Rb5 Na7 38. Ra5 e4 39. fxe4 Rxe4 40. Nxd5 Re2 41. g3 Rxh2 42. Nf6 h4 43. g4 Kc6 44. Rxg5 Kb6 45. Kd4 Nc6+ 46. Kd5 Rd2+ 47. Ke4 Kxa6 48. Rh5 Re2+ 49. Kd5 Kb6 50. Kd6 Nd4 51. Rxh4 Re6+ 52. Kd5 Nf3 53. Rh6 Re5+ 54. Kd6 Re1 55. Rh3 Rf1 56. Nd5+ Kb5 57. Ne3 Rf2 58. Rh5+ Kb4 59. Rf5 Kb3 60. Ke7 Kb2 61. Nd1+ 0-1

[Event "86th UKR-ch"]
[Site "Zhytomyr UKR"]
[Date "2017.12.06"]
[Round "11"]
[White "Bernadskyi, Vitalii"]
[Black "Oleksienko, Mykhailo"]
[WhiteElo "2583"]
[BlackElo "2615"]
[Result "1/2-1/2"]
[EventDate "2017.12.05"]
[PlyCount "68"]

1. e4 e5 2. Nf3 Nc6 3. Bb5 Nf6 4. d3 Bc5 5. c3 O-O 6. Nbd2 d6 7. Bxc6 bxc6 8. O-O a5 9. Qc2 Re8 10. d4 exd4 11. cxd4 Bb6 12. Re1 c5 13. d5 Bg4 14. b3 a4 15. Bb2 Ba5 16. Re3 a3 17. Bc3 Bxc3 18. Rxc3 Bh5 19. Re3 Bg6 20. Qd3 c6 21. dxc6 d5 22. Nh4 Bxe4 23. Nxe4 dxe4 24. Qxd8 Raxd8 25. Nf5 g6 26. Ng3 Rc8 27. Rae1 Rxc6 28. Nxe4 Rxe4 29. Rxe4 Nxe4 30. Rxe4 Rd6 31. Kf1 Rd2 32. Re2 Rd1+ 33. Re1 Rd2 34. Re2 Rd1+ 1/2-1/2

[Event "86th UKR-ch"]
[Site "Zhytomyr UKR"]
[Date "2017.12.06"]
[Round "11"]
[White "Kovchan, Alexander"]
[Black "Vypkhaniuk, Ihor"]
[WhiteElo "2592"]
[BlackElo "2336"]
[Result "1-0"]
[EventDate "2017.12.05"]
[PlyCount "141"]

1. e4 c5 2. Nf3 Nc6 3. d4 cxd4 4. Nxd4 e5 5. Nb5 d6 6. N1c3 a6 7. Na3 Be7 8. Nc4 b5 9. Ne3 Nf6 10. Bd3 O-O 11. Ncd5 Nxd5 12. Nxd5 Bg5 13. Bxg5 Qxg5 14. O-O Rb8 15. c3 Qd8 16. Ne3 Ne7 17. Qe2 Bb7 18. a4 Qb6 19. b4 Bc6 20. axb5 axb5 21. Ra5 Ra8 22. Rfa1 Rxa5 23. Rxa5 Rb8 24. Qa2 Qd8 25. Ra7 g6 26. Qa5 Kf8 27. f3 d5 28. exd5 Nxd5 29. Nxd5 Qxd5 30. Qa2 Qxa2 31. Rxa2 Ke7 32. Ra7+ Bd7 33. Kf2 Kd6 34. Ra6+ Ke7 35. Ke3 Rc8 36. Kd2 Rb8 37. g4 Be6 38. Ra7+ Kd6 39. h4 h6 40. Ra5 Bd7 41. Ra6+ Ke7 42. Ra7 Kd6 43. Be4 Be6 44. g5 hxg5 45. hxg5 Bc4 46. Ke3 Be6 47. Ra6+ Ke7 48. Bc6 Bf5 49. Bd5 Rc8 50. Rc6 Rd8 51. Rc5 Bd7 52. Bc6 Bxc6 53. Rxc6 Rd1 54. Rc5 Kd6 55. Rxb5 Rc1 56. Kd3 Rg1 57. Rb6+ Ke7 58. Ke4 Rxg5 59. b5 Rf5 60. Rc6 Rf4+ 61. Kd5 Rxf3 62. b6 Rd3+ 63. Kxe5 f6+ 64. Ke4 Rd6 65. b7 Rxc6 66. b8=Q Kd7 67. Qb7+ Kd6 68. Kd4 Rc7 69. Qb6+ Kd7 70. Qxf6 Rc6 71. Qf7+ 1-0

[Event "86th UKR-ch"]
[Site "Zhytomyr UKR"]
[Date "2017.12.06"]
[Round "11"]
[White "Neverov, Valeriy"]
[Black "Frolov, Artur"]
[WhiteElo "2496"]
[BlackElo "2416"]
[Result "1-0"]
[EventDate "2017.12.05"]
[PlyCount "61"]

1. d4 Nf6 2. c4 g6 3. Nc3 Bg7 4. e4 d6 5. f3 a6 6. Bg5 c6 7. Bd3 Nbd7 8. Nge2 b5 9. O-O O-O 10. Qd2 Rb8 11. Kh1 bxc4 12. Bxc4 c5 13. Rad1 Qb6 14. b3 Qb7 15. Nd5 Re8 16. dxc5 dxc5 17. Bf4 e5 18. Be3 Bf8 19. Nec3 Nh5 20. f4 exf4 21. Nxf4 Nhf6 22. Nd3 Qc6 23. e5 Nxe5 24. Nxe5 Rxe5 25. Bf4 Qe8 26. Bxe5 Qxe5 27. Rde1 Qd4 28. Qxd4 cxd4 29. Rxf6 dxc3 30. Rxf7 Rb4 31. Re8 1-0

[Event "86th UKR-ch"]
[Site "Zhytomyr UKR"]
[Date "2017.12.06"]
[Round "11"]
[White "Shevchenko, Kirill"]
[Black "Gasanov, Eldar"]
[WhiteElo "2547"]
[BlackElo "2488"]
[Result "1/2-1/2"]
[EventDate "2017.12.05"]
[PlyCount "75"]

1. e4 Nc6 2. Nf3 d6 3. d4 Nf6 4. Nc3 g6 5. d5 Nb8 6. Be2 Bg7 7. O-O O-O 8. h3 c6 9. a4 b6 10. Bg5 h6 11. Be3 Bb7 12. Qd2 Kh7 13. Bc4 Nbd7 14. Rfe1 Rc8 15. Bd4 Qc7 16. dxc6 Bxc6 17. Ba6 Bb7 18. Bxb7 Qxb7 19. Rad1 Rfd8 20. Qe2 e5 21. Be3 Nxe4 22. Nxe4 Qxe4 23. Rxd6 Nf8 24. Rxd8 Rxd8 25. Qa6 Qxc2 26. Qxa7 e4 27. Nh2 Rd7 28. Qxb6 Qxa4 29. b3 Qa2 30. Ng4 Qb2 31. Qb8 Ne6 32. Qe8 Rb7 33. Rc1 h5 34. Rc8 Nf8 35. Nh2 Qxb3 36. Qxe4 Qb1+ 37. Qxb1 Rxb1+ 38. Rc1 1/2-1/2